| 000 | 00645nam a2200229 a 4500 | ||
|---|---|---|---|
| 005 | 20140310183256.0 | ||
| 008 | 041103s19uu xx 00 eng d | ||
| 050 |
_aKPM 856.A9 _b.C346 2006 |
||
| 100 | _aCastaneda, Catalino R. | ||
| 245 |
_aComprehensive review of business law / _c Catalino R. CastaƱeda, Jr. and Hector S. de Leon |
||
| 250 | _a8th ed. | ||
| 260 |
_aManila, Philippines : _bRex Book Store, _c2006. |
||
| 300 |
_a533 p. : _c22 cm. |
||
| 521 | _aBSBA | ||
| 650 | _aBusiness Law. | ||
| 700 | _aDe Leon, Hector S. | ||
| 942 |
_cBK _2lcc _kLOC |
||
| 999 |
_c20858 _d20858 |
||